Essentials of Performance Management (Record no. 1159)

MARC details
000 -LEADER
Fixed length control field 00462nam a2200169 4500
003 - CONTROL NUMBER IDENTIFIER
Control field SEACOMMC
005 - DATE AND TIME OF LATEST TRANSACTION
Control field 20250328132404.0
008 - FIXED-LENGTH DATA ELEMENTS--GENERAL INFORMATION
Fixed length control field 250328b |||||||| |||| 00| 0 eng d
020 ## - INTERNATIONAL STANDARD BOOK NUMBER / ISBN
International Standard Book Number 81-7660-171-3
Price Rs.460.00
040 ## - CATALOGING SOURCE
Original cataloging agency SEACOMMC
082 ## - DEWEY DECIMAL CLASSIFICATION NUMBER
Classification number 648.3123
Book Number G 411
100 ## - MAIN ENTRY--PERSONAL NAME
Personal name Ghanekar Anjali
245 1# - TITLE STATEMENT
Title Essentials of Performance Management
Statement of responsibility Anjali Ghanekar
260 ## - IMPRINT
Place of publication Kolkata
Name of publisher Everest Publishing House
Date of publication 2010
650 ## - SUBJECT ADDED ENTRY--TOPICAL TERM
Topical term Management
942 ## - ADDED ENTRY ELEMENTS (KOHA)
Koha item type Books
Holdings
Withdrawn status Lost status Source of classification Damaged status Not for loan Home library Current library Shelving location Date acquired Total Checkouts Call number Accession number Date last seen Price effective from Koha item type Copy number
    Dewey Decimal Classification     SEACOM MANAGEMENT COLLEGE SEACOM MANAGEMENT COLLEGE Reference 11/02/2010   648.3123 G 411 M-2737 28/03/2025 28/03/2025 Reference Books  
    Dewey Decimal Classification     SEACOM MANAGEMENT COLLEGE SEACOM MANAGEMENT COLLEGE   11/02/2010   648.3123 G 411 M-2738 28/03/2025 28/03/2025 Books 1
    Dewey Decimal Classification     SEACOM MANAGEMENT COLLEGE SEACOM MANAGEMENT COLLEGE   11/02/2010   648.3123 G 411 M-2739 28/03/2025 28/03/2025 Books 2
    Dewey Decimal Classification     SEACOM MANAGEMENT COLLEGE SEACOM MANAGEMENT COLLEGE   11/02/2010   648.3123 G 411 M-2740 28/03/2025 28/03/2025 Books 3
    Dewey Decimal Classification     SEACOM MANAGEMENT COLLEGE SEACOM MANAGEMENT COLLEGE   11/02/2010   648.3123 G 411 M-2741 28/03/2025 28/03/2025 Books 4
© Seacom Engineering College, All rights reserved.    Powered by Koha